Business Communication (Record no. 84852)
[ view plain ]
| 000 -LEADER | |
|---|---|
| fixed length control field | 00542nam a2200205Ia 4500 |
| 008 - FIXED-LENGTH DATA ELEMENTS--GENERAL INFORMATION | |
| fixed length control field | 230125s9999 xx 000 0 und d |
| 041 ## - LANGUAGE CODE | |
| Language code of text/sound track or separate title | eng |
| 082 ## - DEWEY DECIMAL CLASSIFICATION NUMBER | |
| Classification number | 658.45 |
| Item number | RAI/ RAI |
| 100 ## - MAIN ENTRY--PERSONAL NAME | |
| Personal name | Rai U S |
| 9 (RLIN) | 108032 |
| 245 ## - TITLE STATEMENT | |
| Title | Business Communication |
| 250 ## - EDITION STATEMENT | |
| Edition statement | 4th ed |
| 260 ## - PUBLICATION, DISTRIBUTION, ETC. (IMPRINT) | |
| Date of publication, distribution, etc. | 1997 |
| Name of publisher, distributor, etc. | Himalaya Publishing House |
| Place of publication, distribution, etc. | Mumbai |
| 300 ## - PHYSICAL DESCRIPTION | |
| Extent | 414p |
| 500 ## - GENERAL NOTE | |
| Keywords | Business communication |
| 500 ## - GENERAL NOTE | |
| Keywords | Business Communication;Communication |
| 650 ## - SUBJECT ADDED ENTRY--TOPICAL TERM | |
| Topical term or geographic name as entry element | Communication |
| 700 ## - ADDED ENTRY--PERSONAL NAME | |
| Personal name | Rai U S & Rai S M |
| 9 (RLIN) | 106181 |
| 906 ## - LOCAL DATA ELEMENT F, LDF (RLIN) | |
| b | 14 |
| Withdrawn status | Lost status | Damaged status | Not for loan | Home library | Current library | Date acquired | Vendor | Cost, normal purchase price | Full call number | Barcode | Date last seen | Cost, replacement price | Bill Date | Koha item type | Original Barcode |
|---|---|---|---|---|---|---|---|---|---|---|---|---|---|---|---|
| Withdrawn 2022-23 | Smt. Hiraben Nanavati Institute of Management & Research for Women | Smt. Hiraben Nanavati Institute of Management & Research for Women | 29/01/1999 | System sales | 90.00 | 658.45 RAI//RAI B01462 | HIMR-BK-1462 | 25/01/2023 | 76.00 | 23/01/1999 | Books | B01462 |